Normal view
MARC view
Entry Personal Name
001 - CONTROL NUMBER
- control field: 1238043
003 - CONTROL NUMBER IDENTIFIER
- control field: OSt
005 - DATE AND TIME OF LATEST TRANSACTION
- control field: 20260430150628.0
008 - FIXED-LENGTH DATA ELEMENTS
- fixed length control field: 260430|| aca||aabn | a|a d
040 ## - CATALOGING SOURCE
- Original cataloging agency: OSt
- Transcribing agency: OSt
100 ## - HEADING--PERSONAL NAME
- Personal name: Nida Au.; Chandra Ashish Gu
670 ## - SOURCE DATA FOUND
- Source citation: Work cat.: (OSt)1850248: Nida Au.; Chandra Ashish Gu., Impact of Digitalisation on Sustainable Business Development: A Study with Respect to Select E-Retailers Operating in India, 2023
